000
00497nam a2200169Ia 4500
008
090711s9999 xx 000 0 und d
082
_b
55064
100
_a
जहागीरदार गजानन
245
_a
पाऊलखुणा
260
_c
1986
300
_a
260
600
_a
जहागीरदार गजानन
630
_a
पाऊलखुणा
700
_a
जहागीरदार गजानन
730
_a
पाऊलखुणा
942
_c
BOOK
999
_c
308247
_d
308247